| 000 | 00700nam a22002291 4500 | ||
|---|---|---|---|
| 001 | 130525 | ||
| 003 | ES-MaACL | ||
| 005 | 20230906193750.0 | ||
| 007 | t| | ||
| 008 | 070731s1968 sp ||||0| spa d | ||
| 016 | 7 | _zIND2000954265 | |
| 040 |
_aM-BN _bspa _cCDM |
||
| 080 | _a86-311.2"19" | ||
| 100 | 1 |
_aZaragoza, Cristóbal. _9118028 |
|
| 245 | 1 | 3 |
_aEl escándalo del silencio _b: novela / _cCristóbal Zaragoza. |
| 260 |
_aBarcelona : _bPlaneta, _c1968. |
||
| 300 |
_a273 p ; _c19 cm. |
||
| 490 | 1 | _aColección "Autores españoles contemporáneos" | |
| 830 | 0 |
_aColección "Autores españoles contemporáneos" _9189034 |
|
| 852 |
_aES-MaACL _jC-35295 _bR.68452 |
||
| 999 |
_c130525 _d130525 |
||